| 000 | 00524nam a22001937a 4500 | ||
|---|---|---|---|
| 003 | NUST - PNEC | ||
| 005 | 20170116180815.0 | ||
| 008 | 150520b xxu||||| |||| 00| 0 eng d | ||
| 020 | _a0080410006 | ||
| 040 | _cLIBRARY | ||
| 082 | _a628.168 DOE | ||
| 100 |
_93631 _aDoerffer, J.W. |
||
| 245 |
_aOil spill response in the marine environment _cJ.W. Doerffer |
||
| 250 | _a- | ||
| 260 |
_aNew York _bPergamon Press _cc1992. |
||
| 300 | _a391 p. : | ||
| 650 |
_93632 _aOil pollution of the sea _xGeneral |
||
| 942 |
_2ddc _cBK |
||
| 999 |
_c63512 _d63512 |
||